000 00314nam a22001337a 4500
008 181003b xxu||||| |||| 00| 0 eng d
020 _a2901593081002
041 _aeng
080 _a321
100 _a24
101 _aPOL
245 _aThe Comunist Manifesto And Other Writings
_cMarx,K
942 _2udc
_cBK
999 _c48808
_d48808